Give the Boys a Great big hand (Record no. 3762)

MARC details
000 -CABECERA
campo de control de longitud fija 00555nam a2200205 a 4500
001 - NÚMERO DE CONTROL
campo de control BRCA_4038
005 - FECHA Y HORA DE LA ÚLTIMA TRANSACCIÓN
campo de control 20190320204525.0
008 - DATOS DE LONGITUD FIJA--INFORMACIÓN GENERAL
campo de control de longitud fija 110210s1960----nyu#######---#000-0#eng-#
041 ## - CÓDIGO DE LENGUA
Código de lengua del texto/banda sonora o título independiente eng
044 ## - CÓDIGO DEL PAÍS DE LA ENTIDAD EDITORA/PRODUCTORA
Código MARC del país nyu
050 #4 - SIGNATURA TOPOGRÁFICA DE LA BIBLIOTECA DEL CONGRESO
Número de clasificación PZ4
Número de documento/Ítem .M33 1960
100 1# - ENTRADA PRINCIPAL--NOMBRE DE PERSONA
Nombre de persona McBain, Ed.
9 (RLIN) 10491
245 10 - MENCIÓN DE TÍTULO
Título Give the Boys a Great big hand
Resto del título an Inner Sanctum 87th Precinct Mystery
Mención de responsabilidad, etc. by Ed McBain.
260 ## - PUBLICACIÓN, DISTRIBUCIÓN, ETC.
Lugar de publicación, distribución, etc. Nueva York
Nombre del editor, distribuidor, etc. Simon and Schuster
Fecha de publicación, distribución, etc. 1960
300 ## - DESCRIPCIÓN FÍSICA
Extensión 218 p.
Dimensiones 20 cm.
500 ## - NOTA GENERAL
Nota general CEF26
650 14 - PUNTO DE ACCESO ADICIONAL DE MATERIA--TÉRMINO DE MATERIA
Término de materia o nombre geográfico como elemento de entrada Novelas policíacas
9 (RLIN) 877
902 ## - CATALOGADOR
Iniciales GFM
942 ## - ELEMENTOS DE PUNTO DE ACCESO ADICIONAL (KOHA)
Fuente del sistema de clasificación o colocación Library of Congress Classification
Tipo de ítem Koha Libros
Holdings
Estado de retiro Estado de pérdida Estado dañado No para préstamo Localización permanente Ubicación/localización actual Fecha de adquisición Número de inventario Total de préstamos Signatura topográfica completa Código de barras Fecha visto por última vez Precio válido a partir de Tipo de ítem Koha
El ejemplar forma parte de la colección y puede ser consultado según las políticas vigentes.       Biblioteca del Museo Franz Mayer (Rogerio Casas-Alatriste) Biblioteca del Museo Franz Mayer (Rogerio Casas-Alatriste) 11/02/2010 CEF26   PZ4 .M33 1960 (CEF26) 4035 22/03/2019 22/03/2019 Libros